000 00430 a2200169 4500
001 188428
020 _a85-7153-053-X
040 _cMagnum
100 _aBrandao, Maria do Carmo
240 1 0 _aDom chicote sem mancha e seu amigo balanca-a-panca
_lpor
245 1 0 _aDom chicote sem mancha e seu amigo balanca-a-panca
300 _a20
362 0 _a1993
440 1 _aRHJ
697 _aLITERATURA INFANTO-JUVENIL
942 _cBK
999 _c188428
_d188428